[Event "ARG-ch U18"]
[Site "Buenos Aires"]
[Date "2019.03.05"]
[Round "9.5"]
[White "Perez Sanchez, Victor Manuel"]
[Black "Fernandez Mazzetti, Ignacio"]
[Result "1-0"]
[WhiteElo "1983"]
[BlackElo "2059"]
[PlyCount "115"]
[EventDate "2019.03.01"]
[EventType "swiss"]
[EventRounds "9"]
[EventCountry "ARG"]
[SourceTitle "EXT 2024"]
[Source "ChessBase"]
[SourceDate "2023.10.10"]
[SourceVersion "1"]
[SourceVersionDate "2023.10.10"]
[SourceQuality "1"]

1. e4 c5 2. Nf3 d6 3. d4 cxd4 4. Nxd4 Nf6 5. Nc3 g6 6. Be3 Bg7 7. f3 0-0 8. Qd2 Nc6 9. Bc4 Bd7 10. 0-0-0 Rb8 11. Nxc6 bxc6 12. Bxa7 Rb7 13. Be3 Qb8 14. Bb3 Rc8 15. e5 dxe5 16. Bc5 Nd5 17. Na4 Be6 18. Kb1 Nf4 19. Ba3 Bxb3 20. cxb3 Ne6 21. Nc5 Rd8 22. Qe3 Nxc5 23. Qxc5 Rbd7 24. Rxd7 Rxd7 25. Qxc6 Rd2 26. Rc1 h5 27. Qa6 Rd8 28. Bxe7 Re8 29. Bd6 Qd8 30. Bb4 Qh4 31. Qb5 Rd8 32. h3 Qf2 33. Qf1 Qa7 34. Bc3 Qd7 35. a3 Bh6 36. Rc2 Qd5 37. Ka2 Rb8 38. Qc4 Qd6 39. Re2 Bf4 40. Bb4 Qd7 41. Rc2 Qf5 42. Qe4 Qe6 43. Rc6 Qd7 44. Qc4 Rb7 45. Rc8+ Kg7 46. Qc6 Qxc6 47. Rxc6 f5 48. Rc2 Kf6 49. Re2 Rb8 50. Bc3 Kg5 51. Bxe5 Bxe5 52. Rxe5 Kf4 53. Re2 Rd8 54. b4 h4 55. b5 g5 56. a4 Rd3 57. b6 Rxf3 58. b7 1-0

[Event "ARG-ch U18"]
[Site "Buenos Aires"]
[Date "2019.03.01"]
[Round "2.2"]
[White "Perez Sanchez, Victor Manuel"]
[Black "Kapitanchuk, Tomas"]
[Result "0-1"]
[WhiteElo "1983"]
[BlackElo "2251"]
[PlyCount "108"]
[EventDate "2019.03.01"]
[EventType "swiss"]
[EventRounds "9"]
[EventCountry "ARG"]
[SourceTitle "EXT 2024"]
[Source "ChessBase"]
[SourceDate "2023.10.10"]
[SourceVersion "1"]
[SourceVersionDate "2023.10.10"]
[SourceQuality "1"]

1. e4 c5 2. Nf3 e6 3. d4 cxd4 4. Nxd4 Nc6 5. Nc3 Qc7 6. Be2 Nf6 7. 0-0 Be7 8. Be3 0-0 9. Kh1 d6 10. f4 Nxd4 11. Bxd4 e5 12. Be3 a6 13. Qe1 b5 14. a3 Bb7 15. Bd3 exf4 16. Bxf4 Nd7 17. Qg3 Ne5 18. Nd5 Bxd5 19. exd5 g6 20. Rae1 Bf6 21. Bc1 Bg7 22. c3 Rae8 23. a4 bxa4 24. Bxa6 Qa5 25. Bd3 Qxd5 26. Bc2 Qb5 27. Qf4 Ra8 28. Rd1 Nc4 29. Bd3 d5 30. Qh4 a3 31. bxa3 Qb3 32. Qg5 Rad8 33. Be2 Ne5 34. Qg3 Rc8 35. Qe1 Rxc3 36. Bd2 Rc2 37. Bb4 Re8 38. Bf3 Rd8 39. Qh4 Rcc8 40. Be2 Nc6 41. Qf4 d4 42. Rb1 Qe6 43. Ba6 Rb8 44. Bd3 Ne5 45. Rbd1 Ng4 46. Rde1 Ne3 47. Bd2 Be5 48. Qf3 Nxf1 49. Rxf1 Rb3 50. Qe2 Bg7 51. Qxe6 fxe6 52. Bc4 Rxa3 53. Bxe6+ Kh8 54. Bg5 Rda8 0-1

[Event "Mendoza"]
[Site "Mendoza"]
[Date "2019.01.29"]
[Round "6.2"]
[White "Perez Sanchez, Victor Manuel"]
[Black "Pereyra, Jonathan Leonel"]
[Result "1-0"]
[WhiteElo "2047"]
[BlackElo "1923"]
[PlyCount "49"]
[EventDate "2019.01.26"]
[EventType "tourn"]
[EventRounds "9"]
[EventCountry "ARG"]
[SourceTitle "EXT 2024"]
[Source "ChessBase"]
[SourceDate "2023.10.10"]
[SourceVersion "1"]
[SourceVersionDate "2023.10.10"]
[SourceQuality "1"]

1. e4 e6 2. d4 d5 3. Nd2 c5 4. Ngf3 cxd4 5. exd5 Qxd5 6. Bc4 Qd7 7. 0-0 Nf6 8. Nb3 Nc6 9. Nbxd4 Nxd4 10. Nxd4 a6 11. a4 Bc5 12. Be3 Qc7 13. c3 Bd6 14. Bd3 Bxh2+ 15. Kh1 Bf4 16. Qf3 Bxe3 17. Qxe3 Ng4 18. Qh3 Qf4 19. Kg1 e5 20. Rae1 Kf8 21. Ne2 Qg5 22. Qg3 h5 23. f4 exf4 24. Nxf4 h4 25. Ng6+ 1-0

[Event "Mendoza"]
[Site "Mendoza"]
[Date "2019.01.26"]
[Round "1.2"]
[White "Mavrich, Leandro"]
[Black "Perez Sanchez, Victor Manuel"]
[Result "1-0"]
[WhiteElo "2235"]
[BlackElo "2047"]
[PlyCount "37"]
[EventDate "2019.01.26"]
[EventType "tourn"]
[EventRounds "9"]
[EventCountry "ARG"]
[SourceTitle "EXT 2024"]
[Source "ChessBase"]
[SourceDate "2023.10.10"]
[SourceVersion "1"]
[SourceVersionDate "2023.10.10"]
[SourceQuality "1"]

1. e4 c6 2. d4 d5 3. Nd2 dxe4 4. Nxe4 Bf5 5. Ng3 Bg6 6. N1e2 Nf6 7. Nf4 e5 8. Nxg6 hxg6 9. Be3 Nd5 10. Bc4 Nxe3 11. fxe3 Bd6 12. Qf3 0-0 13. 0-0 Qd7 14. Rad1 exd4 15. Rxd4 Qe7 16. Rxd6 Qxd6 17. Bxf7+ Kh8 18. Qg4 g5 19. Nf5 1-0

[Event "Cordoba U2200"]
[Site "Cordoba"]
[Date "2018.09.01"]
[Round "3.2"]
[White "Perez Sanchez, Victor Manuel"]
[Black "Espinoza, Jorge"]
[Result "0-1"]
[WhiteElo "2005"]
[BlackElo "1803"]
[PlyCount "86"]
[EventDate "2018.09.01"]
[EventType "swiss"]
[EventRounds "6"]
[EventCountry "ARG"]
[SourceTitle "EXT 2024"]
[Source "ChessBase"]
[SourceDate "2023.10.10"]
[SourceVersion "1"]
[SourceVersionDate "2023.10.10"]
[SourceQuality "1"]

1. e4 c5 2. Nf3 d6 3. d4 cxd4 4. Nxd4 Nf6 5. Nc3 g6 6. Be3 Bg7 7. f3 0-0 8. Qd2 Nc6 9. g4 Bd7 10. 0-0-0 Qa5 11. Kb1 Rfc8 12. h4 Ne5 13. h5 Nxf3 14. Nxf3 Bxg4 15. Be2 Bxh5 16. Rdg1 Rxc3 17. Qxc3 Qxc3 18. bxc3 Nxe4 19. Kc1 Nxc3 20. Kd2 Nxe2 21. Kxe2 Bxf3+ 22. Kxf3 b6 23. Rd1 Rc8 24. Rh2 Be5 25. Rg2 Kg7 26. Rd3 h6 27. Ra3 Rc7 28. Ra4 f5 29. Bf4 Bf6 30. Re2 g5 31. Bc1 e5 32. Ba3 Rd7 33. Rd2 d5 34. c4 d4 35. c5 e4+ 36. Ke2 d3+ 37. Ke3 bxc5 38. Bxc5 g4 39. Bd4 Rxd4 40. Rxd4 Bg5+ 41. Kf2 Bxd2 42. Kf1 Kg6 43. Rd7 a5 0-1

[Event "Rosario Bandera Memorial"]
[Site "Rosario"]
[Date "2017.06.19"]
[Round "5"]
[White "Martinez, Francisco"]
[Black "Perez Sanchez, Victor Manuel"]
[Result "1-0"]
[WhiteElo "1758"]
[BlackElo "1616"]
[PlyCount "61"]
[EventDate "2017.06.17"]
[EventType "swiss"]
[EventRounds "7"]
[EventCountry "ARG"]
[SourceTitle "CBM 179 Extra"]
[Source "ChessBase"]
[SourceDate "2017.08.23"]
[SourceVersion "1"]
[SourceVersionDate "2017.08.23"]
[SourceQuality "1"]

1. e4 c6 2. c4 d5 3. exd5 cxd5 4. cxd5 Nf6 5. Nc3 Nxd5 6. d4 e6 7. Nf3 Bb4 8. Bd2 0-0 9. Bd3 Nc6 10. 0-0 Nf6 11. Bg5 Be7 12. Re1 Nb4 13. Bc4 Re8 14. Qe2 Nbd5 15. Rad1 Nxc3 16. bxc3 Bd7 17. Bb3 Qa5 18. Bd2 Qh5 19. c4 Bc6 20. Ne5 Qxe2 21. Rxe2 Be4 22. f3 Bg6 23. g4 Red8 24. Be3 a6 25. h4 h6 26. Nxg6 fxg6 27. Bf2 Kf7 28. Kg2 Bd6 29. c5 Be7 30. Bxe6+ Kf8 31. d5 1-0

[Event "Rosario Bandera Memorial"]
[Site "Rosario"]
[Date "2017.06.17"]
[Round "1"]
[White "Tokman, Ariel"]
[Black "Perez Sanchez, Victor Manuel"]
[Result "1-0"]
[WhiteElo "2283"]
[BlackElo "1616"]
[PlyCount "61"]
[EventDate "2017.06.17"]
[EventType "swiss"]
[EventRounds "7"]
[EventCountry "ARG"]
[SourceTitle "CBM 179 Extra"]
[Source "ChessBase"]
[SourceDate "2017.08.23"]
[SourceVersion "1"]
[SourceVersionDate "2017.08.23"]
[SourceQuality "1"]

1. Nf3 Nf6 2. g3 g6 3. Bg2 Bg7 4. 0-0 0-0 5. d4 c5 6. Nc3 cxd4 7. Nxd4 Nc6 8. Nb3 d6 9. e4 a6 10. h3 Bd7 11. f4 Rc8 12. Kh2 b5 13. Re1 Nb4 14. a3 Nc6 15. Be3 Be6 16. Nd5 Bxd5 17. exd5 Na5 18. Nd4 Re8 19. b3 Qc7 20. a4 b4 21. Qd3 Ra8 22. Rad1 Bf8 23. g4 Rec8 24. g5 Nh5 25. Bf3 Ng7 26. Bg4 Rd8 27. Re2 Nb7 28. Nc6 Re8 29. Nxb4 a5 30. Nc6 Nd8 31. Nd4 1-0

[Event "ARG-ch sf U1700"]
[Site "San Luis"]
[Date "2016.07.10"]
[Round "6.2"]
[White "Rodriguez, Mathias"]
[Black "Perez Sanchez, Victor Manuel"]
[Result "0-1"]
[WhiteElo "1533"]
[BlackElo "1503"]
[PlyCount "106"]
[EventDate "2016.07.08"]
[EventType "swiss"]
[EventRounds "7"]
[EventCountry "ARG"]
[SourceTitle "EXT 2024"]
[Source "ChessBase"]
[SourceDate "2023.10.10"]
[SourceVersion "1"]
[SourceVersionDate "2023.10.10"]
[SourceQuality "1"]

1. e4 c6 2. d4 d5 3. exd5 cxd5 4. Bd3 Nc6 5. c3 g6 6. Bf4 Nh6 7. Qd2 Nf5 8. Nf3 Bg7 9. 0-0 0-0 10. Na3 a6 11. Nc2 b5 12. a3 Qb6 13. Qe2 Ra7 14. Ne5 Nd6 15. Nxc6 Qxc6 16. Nb4 Qb7 17. Bxd6 exd6 18. Qf3 Be6 19. Bc2 a5 20. Nd3 Bf5 21. Ne1 Be4 22. Qg3 Qc6 23. f3 Bxc2 24. Nxc2 f5 25. Qf4 Re7 26. Rae1 Rfe8 27. Qg5 Rxe1 28. Rxe1 Rxe1+ 29. Nxe1 Qe8 30. Kf2 h6 31. Qg3 Qe6 32. f4 Kf7 33. Qe3 Qe4 34. Qxe4 dxe4 35. d5 b4 36. axb4 axb4 37. cxb4 Bxb2 38. b5 Ke7 39. Nc2 Bc3 40. Ne3 Bd4 41. Ke2 Bxe3 42. Kxe3 Kd7 43. g4 h5 44. gxf5 gxf5 45. Kf2 Kc7 46. Kg3 Kb6 47. Kh4 Kxb5 48. Kxh5 e3 49. h4 e2 50. Kg6 e1Q 51. h5 Qe8+ 52. Kg5 Qf7 53. h6 Kc5 0-1

[Event "ARG-ch sf U1700"]
[Site "San Luis"]
[Date "2016.07.09"]
[Round "3.1"]
[White "Mora, Oriana"]
[Black "Perez Sanchez, Victor Manuel"]
[Result "0-1"]
[WhiteElo "1575"]
[BlackElo "1503"]
[PlyCount "76"]
[EventDate "2016.07.08"]
[EventType "swiss"]
[EventRounds "7"]
[EventCountry "ARG"]
[SourceTitle "EXT 2024"]
[Source "ChessBase"]
[SourceDate "2023.10.10"]
[SourceVersion "1"]
[SourceVersionDate "2023.10.10"]
[SourceQuality "1"]

1. e4 e5 2. Nf3 Nc6 3. Bc4 d6 4. Nc3 Bg4 5. h3 Bh5 6. d3 Nd4 7. Be3 Nxf3+ 8. gxf3 c6 9. Qe2 Qf6 10. Rg1 Bxf3 11. Qd2 h6 12. Ne2 a5 13. a3 Ne7 14. 0-0-0 b5 15. Ba2 b4 16. a4 Ng6 17. d4 Bxe4 18. dxe5 Nxe5 19. Nd4 Nf3 20. Nxf3 Qxf3 21. Rg3 Qf5 22. Bf4 0-0-0 23. Bc4 g5 24. Be3 d5 25. Bd3 Bd6 26. Bxe4 Qxe4 27. Rg4 Qe7 28. b3 f5 29. Rgg1 Rhe8 30. Bb6 Kb7 31. Bxd8 Rxd8 32. Kb1 Qf6 33. Qd4 Be5 34. Qc5 Ba1 35. Kc1 Bb2+ 36. Kd2 Re8 37. Kd3 f4 38. Qxd5 Qc3# 0-1

[Event "ARG-ch sf U1700"]
[Site "San Luis"]
[Date "2016.07.09"]
[Round "5.1"]
[White "Perez Sanchez, Victor Manuel"]
[Black "Villafane, Jorge Segundo"]
[Result "0-1"]
[WhiteElo "1503"]
[BlackElo "1654"]
[PlyCount "67"]
[EventDate "2016.07.08"]
[EventType "swiss"]
[EventRounds "7"]
[EventCountry "ARG"]
[SourceTitle "EXT 2024"]
[Source "ChessBase"]
[SourceDate "2023.10.10"]
[SourceVersion "1"]
[SourceVersionDate "2023.10.10"]
[SourceQuality "1"]

1. e4 e5 2. Bc4 Nf6 3. d3 c6 4. f4 d6 5. Nf3 exf4 6. Bxf4 Be7 7. 0-0 Qb6+ 8. Kh1 0-0 9. Bb3 a5 10. a4 Ng4 11. Qe1 Be6 12. Nbd2 Nd7 13. Nc4 Bxc4 14. Bxc4 Nde5 15. Nxe5 dxe5 16. Bc1 Bc5 17. h3 Ne3 18. Bxe3 Bxe3 19. Bb3 Bd4 20. Rb1 Bc5 21. Qg3 Qc7 22. Rf5 g6 23. Rf3 Kg7 24. h4 Rab8 25. h5 b5 26. Qg5 Be7 27. Qg4 f6 28. Rg3 g5 29. Qf5 Qd6 30. Rf3 Qb4 31. axb5 cxb5 32. Qe6 a4 33. c3 Qc5 34. Bd5 0-1